000 00582nam a2200181Ia 4500
003 GCL
008 140319s9999 xx 000 0 ara d
040 _aGCL /
_cGCL
082 0 4 _a239
_bع م
100 1 _aعباس محمود العقاد
245 1 0 _aمطلع النور اوطوالع البعثة المحمدية /
_cعباس محمود العقاد
260 _aالقاهرة :
_bدار نهضة مصر للطبع والنشر
300 _a179 ص ؛
_c20 سم
490 _a
650 0 4 _aالسيرة النبوية
650 0 4 _aالانبياء
942 _2ddc
_cBK
999 _c55503
_d55503